Culture Générale - Série 715 - Statistiques

Statistiques générales
  • Ce quiz a été pris 183 fois
  • Le résultat moyen est 8 sur 10
Statistiques - réponses
Question Réponse % Correct
De quel pays l'île de Mykonos fait-elle partie ? Grèce
98%
Quel continent est arrosé par le Brahmapoutre ? Asie
90%
Quel mot japonais de 4 lettres désigne la salle où l'on enseigne et pratique les arts martiaux ? dojo
88%
Quel est le plat préféré de Michelangelo, la Tortue ninja ? pizza
88%
Complétez le titre du roman d'Alexandre Dumas fils " La dame aux ... camélias
86%
Dans quelle ville d'Italie peut-on visiter le palais Barberini ? Rome
85%
Quelle langue est une langue officielle au Ghana et au Nigeria ? anglais
81%
Dans quel film de Luc Besson, sorti en 1988, retrouve-t-on les personnages de Jacques Mayol et Enzo Molinari ? Le Grand bleu
79%
Quel chanteur a connu le succès en 2007 avec le titre "On s'attache" ? Christophe Maé
73%
Quelles îles sont devenues le 50e État des États-Unis d'Amérique, en 1959 ? Les îles Hawaii
60%
Aucun quiz correspondant
Distribution des résultats
% des personnes avec chaque résultat
Percentile par nombre de réponses
Votre historique - résultats
Vous n’avez pas pris ce quiz